000 00677nam a2200217Ia 4500
999 _c41097
_d41097
001 7747
003 GE_BSU
005 20220923124153.0
008 181216s1994en xx |||||||||||||| ||eng||
020 _a0471515825
040 _cGE_BSU
041 _aneg
080 _a621.382 S-12
100 _aSaadawi,Tarec N.
_914733
245 _aFundamentals of Telecommunication Networks /
_cTarec N. Saadawi,
264 _aNew York :
_bJohn Wiley,
_c1994.
300 _a485 p.;
_c24cm.
653 _aFundamentals of Telecommunication Networks
653 _aსატელეკომუნიკაციო ქსელების საფუძვლები
942 _cBK
_2udc